Open Data Biblioteca Nacional de Portugal


República Portuguesa: Ministério da Cultura
Biblioteca Nacional de Portugal

Catálogo da BNP: acesso por Identificadores Unívocos
Registos Bibliográficos associados ao registo de autoridade

Etiqueta de registo: 00254nam 2200025 450
001 2182350
003 http://id.bnportugal.gov.pt/bib/catbnp/2182350
010 ## $a978-972-25-4720-8
021 ## $aPT$b532815/24
100 ## $a20240906d2024 m y0pory01030103ba
101 1# $apor$ceng
102 ## $aPT
105 ## $ay z 000ay
106 ## $ar
200 1# $aComunicar com clareza e confiança$e a arte da explicação$fRos Atkins$gtrad. João Pedro Tapada
205 ## $a1ª ed
210 #9 $aLisboa$cBertrand,$d2024
215 ## $a302, [2] p.$d24 cm
304 ## $aTít. orig.: The art of explanation - How to communicate with clarity and confidence
675 ## $a316.77(035)$vBN$zpor$31213330
700 #1 $aAtkins,$bRos$31927480
702 #1 $aTapada,$bJoão Pedro$4730$31478474
801 #0 $aPT$bBN$gRPC
856 41 $uhttp://rnod.bnportugal.gov.pt/ImagesBN/winlibimg.aspx?skey=&doc=2182350&img=198024&save=true
900 ## $aBIBNAC$d20240925
966 ## $lBN$mFGMON$sS.C. 164976 V.$x1
966 ## $lBN$mFGMON$sS.C. 164976 V.-D$x1
971 ## $corlando$d20240906
972 ## $e0$z0$d20240925$viquintas
973 ## $cigoulao$d20240909

OpendataBNP@bnportugal.pt | Mais informação sobre acesso aos dados BNP